Action at the exhibit face: video and the analysis of social interaction in museums and galleries (Record no. 315964)
[ view plain ]
| 000 -LEADER | |
|---|---|
| fixed length control field | 00464nam a2200145Ia 4500 |
| 008 - FIXED-LENGTH DATA ELEMENTS--GENERAL INFORMATION | |
| fixed length control field | 170224s9999 xx 000 0 und d |
| 100 ## - MAIN ENTRY--PERSONAL NAME | |
| Personal name | Dirk vom Lehn |
| 245 ## - TITLE STATEMENT | |
| Title | Action at the exhibit face: video and the analysis of social interaction in museums and galleries |
| 245 ## - TITLE STATEMENT | |
| Statement of responsibility, etc | Dirk vom Lehn & Christian Heath |
| 260 ## - PUBLICATION, DISTRIBUTION, ETC. (IMPRINT) | |
| Name of publisher, distributor, etc | Journal of Marketing Research |
| 260 ## - PUBLICATION, DISTRIBUTION, ETC. (IMPRINT) | |
| Date of publication, distribution, etc | 2016 |
| 300 ## - PHYSICAL DESCRIPTION | |
| Extent | 32:15-16,Pages: 1441-1457 |
| 500 ## - GENERAL NOTE | |
| General note | November |
| 650 ## - SUBJECT ADDED ENTRY--TOPICAL TERM | |
| General subdivision | Marketing. |
| Withdrawn status | Lost status | Damaged status | Home library | Current library | Date acquired | Total Checkouts | Date last seen | Price effective from | Koha item type |
|---|---|---|---|---|---|---|---|---|---|
| College Library | College Library | 02/24/2017 | 02/24/2017 | 02/24/2017 | Periodicals |